Multiple Rugby World Cup Winners - Statistics

General Stats
  • This quiz has been taken 4 times
  • The average score is 23 of 44
Answer Stats
Country Years Won Position Name % Correct
Australia 1991, 1999 Lock John Eales
100%
Australia 1991, 1999 Centre Tim Horan
100%
New Zealand 2011, 2015 Prop Ben Franks
75%
New Zealand 2011, 2015 Centre Conrad Smith
75%
New Zealand 2011, 2015 Flyhalf Dan Carter
75%
New Zealand 2011, 2015 Loose Forward Jerome Kaino
75%
New Zealand 2011, 2015 Hooker Keven Mealamu
75%
New Zealand 2011, 2015 Loose Forward Kieran Read
75%
South Africa 2019, 2023 Loose Forward Kwagga Smith
75%
New Zealand 2011, 2015 Centre Ma'a Nonu
75%
South Africa 1995, 2007 Prop Os du Randt
75%
New Zealand 2011, 2015 Prop Owen Franks
75%
New Zealand 2011, 2015 Loose Forward Richie McCaw
75%
New Zealand 2011, 2015 Lock Sam Whitelock
75%
New Zealand 2011, 2015 Prop Tony Woodcock
75%
South Africa 2019, 2023 Hooker Bongi Mbonambi
50%
South Africa 2019, 2023 Fullback Cheslin Kolbe
50%
New Zealand 2011, 2015 Flyhalf Colin Slade
50%
South Africa 2019, 2023 Centre Damian de Allende
50%
South Africa 2019, 2023 Fullback Damian Willemse
50%
South Africa 2019, 2023 Loose Forward Duane Vermeulen
50%
South Africa 2019, 2023 Lock Eben Etzebeth
50%
South Africa 2019, 2023 Halfback Faf de Klerk
50%
South Africa 2019, 2023 Flyhalf Handré Pollard
50%
South Africa 2019, 2023 Centre Jesse Kriel
50%
South Africa 2019, 2023 Wing Makazole Mapimpi
50%
South Africa 2019, 2023 Hooker Malcolm Marx
50%
South Africa 2019, 2023 Loose Forward Pieter-Steph du Toit
50%
South Africa 2019, 2023 Loose Forward Siya Kolisi
50%
New Zealand 2011, 2015 Centre Sonny Bill Williams
50%
South Africa 2019, 2023 Prop Steven Kitshoff
50%
New Zealand 2011, 2015 Loose Forward Victor Vito
50%
South Africa 2019, 2023 Fullback Willie le Roux
50%
South Africa 2019, 2023 Halfback Cobus Reinach
25%
Australia 1991, 1999 Prop Dan Crowley
25%
South Africa 2007, 2019 Centre François Steyn
25%
South Africa 2019, 2023 Lock Franco Mostert
25%
South Africa 2019, 2023 Centre Lukhanyo Am
25%
Australia 1991, 1999 Hooker Phil Kearns
25%
South Africa 2019, 2023 Lock RG Snyman
25%
South Africa 2019, 2023 Prop Vincent Koch
25%
South Africa 2019, 2023 Prop Frans Malherbe
0%
Australia 1991, 1999 Centre Jason Little
0%
South Africa 2019, 2023 Prop Trevor Nyakane
0%
No matching quizzes found
Score Distribution
Percent of People with Each Score
Percentile by Number Answered
Your Score History
You have not taken this quiz